000 00520pab a2200181 454500
008 180718b2012 xxu||||| |||| 00| 0 eng d
100 _aAbraham, Margaret
245 _aTransforming place and belonging through action research, community practice, and public policy: Comparing responses to NIMBYism
260 _c2012
300 _ap.178-201.
362 _aMar
650 _aPublic policy
650 _aImmigration
700 _aManey, Gregory M.
773 _aCurrent Sociology
908 _aN
909 _a96506
999 _c96506
_d96506